000
00286nam a22001217a 4500
020
_a
9789350532676
082
_a
630.121
_b
SIN/PR
100
_a
Singh,Pawan
_9
1204
245
_a
Principles of Agronomy
260
_a
New Delhi
_b
Cyber Tech Publications
_c
2014
300
_a
264
942
_c
BK
999
_c
14681
_d
14681